• 首页
  • 本馆介绍
  • 公告通知
  • 最新文献
  • 馆藏检索
  • 电子资源
  • 读者导购
  • 参考咨询
  • 我的图书馆
  • 登录
  • 详细信息显示
  • 放入我的书架
  • 预约/预借图书
  • 作者相关作品
  • 分类相关作品
  • 丛书相关作品
  • 出版社相关作品

书目信息

  • 表格格式
  • 工作单格式
  • 卡片格式
题名:
跳远
    
 
作者: 李鸿江 编著
分册:  
出版信息: 北京   人民体育出版社  1997.02
页数: 116页
开本: 19cm
丛书名: 田径教学训练实用丛书
单 册:
中图分类: G823.32
科图分类:
主题词: 田径运动
电子资源:
ISBN: 7-5009-1348-6
000 00669nam0 2200229 45
001 0001101671
005 20040505100302.9
010    @a7-5009-1348-6@dCNY7.00
100    @a20000110d1997 km y0chiy0120 ea
101    @achi
105    @a z 000yy
200 1  @a跳远@f李鸿江编著
210    @a北京@c人民体育出版社@d1997.02
215    @a116页@c插图@d19cm
225    @a田径教学训练实用丛书@f李鸿江,张贵敏主编
410    @12001 @a田径教学训练实用丛书
410    @1700 0@a张贵敏@AZhang Gui Min@4主编@a李鸿江@ALi Hong Jiang@4主编
606 0  @a田径运动
690    @aG823.32@v1
701    @a李鸿江@4编著
801    @aCN@bTSTC@c20000110
905    @dG823.32@e43@f1@b284725
    
    跳远/李鸿江编著.-北京:人民体育出版社,1997.02
    116页:插图;19cm.-(田径教学训练实用丛书/李鸿江,张贵敏主编)
    
    
    ISBN 7-5009-1348-6:CNY7.00
    
●
相关链接 在E读中查询图书 在五车中查询图书 在当当中查询图书 在豆瓣中查询图书


正题名:跳远     索取号:G823.32/43         预约/预借

序号 登录号 条形码 馆藏地/架位号 状态 备注
1 0274132   000995944   第四借阅区/ [索取号:G823.32/43] 在馆    
2 0274133   000995891   第四借阅区/ [索取号:G823.32/43] 在馆    
3 0274134   000995962   密集书库/ [索取号:G823.32/43] 在馆    
4 0274135   000995953   密集书库/ [索取号:G823.32/43] 在馆    
5 0284725   002847254   第一样本阅览室/ [索取号:G823.32/43] 在馆    
6 0284726   002847263   第四借阅区/ [索取号:G823.32/43] 在馆    
7 0284727   002847272   第四借阅区/ [索取号:G823.32/43] 在馆    
8 0284728   002847281   第四借阅区/ [索取号:G823.32/43] 在馆    
9 0284729   002847290   密集书库/ [索取号:G823.32/43] 在馆    
唐山师范学院图书馆 欢迎您!
大连网信软件有限公司© 版权所有